Catálogo público

Murciélagos benéficos y vampiros : características, importancia, rabia, control y conservación / María de Lourdes Romero Almaraz; coautor Álvaro Aguilar Sateín; coautor Cornelio Sánchez Hernández (Record no. 217046)

MARC details
000 -CABECERA
campo de control de longitud fija 00914nam a2200229Ia 4500
001 - NÚMERO DE CONTROL
campo de control Z_6048
008 - DATOS DE LONGITUD FIJA--INFORMACIÓN GENERAL
campo de control de longitud fija 220601s9999 xx 000 0 und d
020 ## - NÚMERO INTERNACIONAL ESTÁNDAR DEL LIBRO
Número Internacional Estándar del Libro 968-463-121-9
082 ## - NÚMERO DE LA CLASIFICACIÓN DECIMAL DEWEY
Número de clasificación 599.4 R66
100 ## - ENTRADA PRINCIPAL--NOMBRE DE PERSONA
Nombre de persona Romero Almaraz, María de Lourdes
9 (RLIN) 99513
245 ## - MENCIÓN DE TÍTULO
Título Murciélagos benéficos y vampiros : características, importancia, rabia, control y conservación / María de Lourdes Romero Almaraz; coautor Álvaro Aguilar Sateín; coautor Cornelio Sánchez Hernández
260 ## - PUBLICACIÓN, DISTRIBUCIÓN, ETC.
Lugar de publicación, distribución, etc. México : AGT Editor IMSS
300 ## - DESCRIPCIÓN FÍSICA
Extensión xxi, 213 p.
504 ## - NOTA DE BIBLIOGRAFÍA, ETC.
Nota de bibliografía, etc. Incluye bibliografía
650 ## - PUNTO DE ACCESO ADICIONAL DE MATERIA--TÉRMINO DE MATERIA
Término de materia o nombre geográfico como elemento de entrada 1. Murciélagos - México 2. Murciélagos - Hispanoamérica.
9 (RLIN) 183113
700 ## - PUNTO DE ACCESO ADICIONAL--NOMBRE DE PERSONA
Nombre de persona I. Aguilar-Setién, Álvaro, coaut. II. Sánchez-Hernández, Cornelio, coaut.Ì
9 (RLIN) 183114
901 ## - ELEMENTOS DE DATOS A LOCAL LDA (RLIN)
a 599.4 R66
902 ## - ELEMENTOS DE DATOS B LOCAL, LDB (RLIN)
a M
905 ## - ELEMENTOS DE DATOS E LOCAL, LDE (RLIN)
a 000000c2006 mx dmn 0000000000spa00
942 ## - ELEMENTOS DE PUNTO DE ACCESO ADICIONAL (KOHA)
Tipo de ítem Koha Libro_
Holdings
Estado de retiro Estado de pérdida Fuente del sistema de clasificación o colocación Estado dañado No para préstamo Código de colección Localización permanente Ubicación/localización actual Ubicación en estantería Fecha de adquisición Total de préstamos Código de barras Fecha visto por última vez Fecha del último préstamo Número de copia Precio válido a partir de Tipo de ítem Koha
    Dewey Decimal Classification     General Zootecnia Zootecnia   24/10/2011 1 z_1591 25/05/2023 25/05/2023 1 02/06/2022 Libro